000 00621nam a2200217Ii 4500
001 14739
003 CO-ViMGA
008 241108s9999||||xx |||||||||||||| ||und||
020 _a9789587046076
040 _aCO-ViMGA
_bspa
_erda
_cCO-ViMGA
041 0 _aspa
082 0 4 _a398.986121 M65
100 1 _aSoledad Moliner
_952225
245 1 0 _aCaja de citas
264 1 _aBogotá, Colombia : Distribuidora y Editora Aguilar, 2007
300 _avolumen
336 _atext
_btxt
_2rdacontent
337 _aunmediated
_bn
_2rdamedia
338 _avolume
_bnc
_2rdacarrier
940 _aidficha_siabuc: 14431. -- ficha_no_siabuc:14739
999 _c47007
_d47007